Präsidenten von Ägypten - Statistiken

Allgemein
  • Dieses Quiz wurde 8 mal gespielt
  • Das Durchschnittsergebnis liegt bei 3 aus 6
Antwortstatistiken
Amtszeit Antwort % Korrekt
28. September 1970 – 6. Oktober 1981 Anwar as-Sadat
88%
14. November 1954 – 28. September 1970 Gamal Abdel Nasser
88%
14. Oktober 1981 – 11. Februar 2011 Muhammad Husni Mubarak
88%
8. Juni 2014 – Abd al-Fattah Said Husain Chalil as-Sisi
63%
18. Juni 1953 – 14. November 1954 Muhammad Nagib
13%
30. Juni 2012 – 3. Juli 2013 Mohammed Mohammed Mursi Isa al-Ayyat
0%
Keine übereinstimmenden Quizze gefunden
Verteilung der Resultate
Anzahl Personen mit jedem Resultat
Perzentil nach korrekt beantworteten Fragen
Ihre Resultats-Entwicklung
Sie haben dieses Quiz noch nicht gespielt